Irrigation system and device application of farmers in battambang province, ការប្រើប្រាស់ឧបករណ៍ស្រោចស្រព និងប្រព័ន្ធធារាសាស្រ្ត របស់កសិករ នៅក្នុងខេត្្តបាត់ដំបង (Record no. 4269)

000 -LEADER
fixed length control field 00726nam a22001577a 4500
003 - CONTROL NUMBER IDENTIFIER
control field OSt
005 - DATE AND TIME OF LATEST TRANSACTION
control field 20151209105424.0
008 - FIXED-LENGTH DATA ELEMENTS--GENERAL INFORMATION
fixed length control field 151209b xxu||||| |||| 00| 0 eng d
040 ## - CATALOGING SOURCE
Transcribing agency RUA
082 ## - DEWEY DECIMAL CLASSIFICATION NUMBER
Classification number ATM HEM 2006 B194 Or.1
100 ## - MAIN ENTRY--PERSONAL NAME
9 (RLIN) 4581
Personal name HEM VANNARET; ហែម វណ្ណារ៉េត.
245 ## - TITLE STATEMENT
Title Irrigation system and device application of farmers in battambang province, ការប្រើប្រាស់ឧបករណ៍ស្រោចស្រព និងប្រព័ន្ធធារាសាស្រ្ត របស់កសិករ នៅក្នុងខេត្្តបាត់ដំបង
260 ## - PUBLICATION, DISTRIBUTION, ETC. (IMPRINT)
Place of publication, distribution, etc. Phnom Penh
Name of publisher, distributor, etc. RUA
Date of publication, distribution, etc. 2006
300 ## - PHYSICAL DESCRIPTION
Extent xv; 45p.
Other physical details ill.
Dimensions 29cm.
942 ## - ADDED ENTRY ELEMENTS (KOHA)
Source of classification or shelving scheme
Koha item type ATM
Holdings
Price effective from Date last seen Permanent Location Not for loan Date acquired Source of classification or shelving scheme Koha item type Lost status Withdrawn status Date last checked out Total Checkouts Shelving location Damaged status Barcode Current Location Full call number
2015-12-092023-11-22Library Block B 2015-12-09 ATM  2023-11-142B194 RUA046137Library Block BATM HEM 2006 B194 Or.1
2015-12-092015-12-09Library Block B 2015-12-09 ATM    B194 RUA046315Library Block BATM HEM 2006 B194 Or.2
2015-12-092015-12-09Library Block B 2015-12-09 ATM    B194 RUA046313Library Block BATM HEM 2006 B194 Or.3
2015-12-092017-01-12Library Block B 2015-12-09 ATM    B194 RUA046193Library Block BATM HEM 2006 B194 Or.4
មជ្ឈមណ្ឌលឯការនៃសាកលវិទ្យាល័យភូមិន្ទកសិកម្មចំការដូង

Powered by Koha